|
|
|
|
| LEADER |
00000csc a2200000 a 4500 |
| 001 |
74635 |
| 003 |
Ucuenca |
| 005 |
20230707110740.0 |
| 008 |
000000|1970 sp |||||r|||||||||||spa|| |
| 040 |
|
|
|b spa
|
| 041 |
1 |
|
|a es
|
| 082 |
0 |
|
|a 570
|
| 100 |
1 |
|
|9 191467
|a Policard, A.
|
| 245 |
|
|
|a Células vivas y poblaciones celulares
|c A. Policard. Traductor Juan Massot Gimeno
|h imp
|
| 246 |
|
1 |
|a Cellules vivantes et populations cellulaires
|
| 264 |
|
|
|a Barcelona
|b Labor
|c 1970
|
| 300 |
|
|
|a 168 páginas:
|b ilu
|c 19.5 cm
|
| 490 |
|
|
|a Labor
|n no. 123
|
| 504 |
|
|
|a incl. ref.
|
| 650 |
|
0 |
|a Células
|9 13006
|
| 852 |
|
|
|a UC-CDJBV
|f Compra
|l 1
|m Limitada
|p 00000000
|t 74635
|b 1
|d CDRC
|e CDRC
|g 574.8 SEGUNDO PISO
|z 0000-00-00
|
| 942 |
|
|
|c CR
|2 ddc
|z paola.amaya@ucuenca.edu.ec
|
| 999 |
|
|
|c 119505
|d 119505
|